000 00344nam a22001337a 4500
999 _c172069
_d172069
005 20200127124602.0
008 200127b ||||| |||| 00| 0 eng d
022 _a2632-3273
245 _aThe traumaxilla
260 _aNew Delhi
_bSAGE Publications India
_c2019-
300 _av.
_c29 cm.
310 _aThree times a year
942 _2ddc
_cSR
_s1